Top 10 Vancouver Canucks - Statistics

General Stats
  • This quiz has been taken 220 times
  • The average score is 7 of 10
Answer Stats
Rank Position Years Active Stats Answer % Correct
1 LW 2000-2018 1306 GP - 393 G - 1041 PTS Daniel Sedin
99%
2 C 2000-2018 1330 GP - 240 G - 1070 PTS Henrik Sedin
99%
7 G 2006-2014 252-137-50 - 2.36 GAA - .919 SP% Roberto Luongo
90%
3 RW 1991-1998 428 GP - 254 G - 478 PTS Pavel Bure
89%
5 RW 1988-1998, 2001-2008 1140 GP - 318 G - 733 PTS Trevor Linden
83%
4 LW 1996-2008 884 GP - 346 G - 756 PTS Markus Naslund
79%
8 RW 1978-1991 896 GP - 262 G - 673 PTS Stan Smyl
51%
9 RW 1998-2006 518 GP - 188 G - 449 PTS Todd Bertuzzi
51%
10 C 2003-2014 655 GP - 182 G - 393 PTS Ryan Kesler
48%
6 D 1997-2009 770 GP - 93 G - 325 PTS Mattias Ohlund
40%
No matching quizzes found
Score Distribution
Percent of People with Each Score
Percentile by Number Answered
Your Score History
You have not taken this quiz